Overalle Bayernu Monachium w EA FC 25 - Statystyki

Ogólne statystyki
  • Ten quiz został rozwiązany 101 razy
  • Średni wynik to 24 z 27
Statystyki odpowiedzi
Poz. Piłkarz Overall % Poprawnych
GK Manuel Neuer 86
98%
LB Raphael Guereiro 82
96%
LB Alphonso Davies 82
96%
CB Kim Min Jae 83
95%
RB Joshua Kimmich 86
95%
ST Harry Kane 90
95%
CB Dayot Upamecano 82
94%
CB Eric Dier 80
93%
RM Serge Gnabry 82
93%
CAM Thomas Muller 82
93%
CM Leon Goretzka 83
93%
LM Kingsley Coman 84
93%
RM Leroy Sane 85
93%
CAM Jamal Musiala 87
93%
CDM Konrad Laimer 83
91%
CDM João Palhinha 85
91%
GK Sven Ulreich 74
89%
CB Hiroki Ito 79
89%
RM Micheal Olise 82
89%
GK Daniel Peretz 72
88%
ST Mathys Tel 77
87%
RB Josip Stanisić 77
84%
RB Sacha Boey 79
84%
CDM Aleksandar Pavlović 73
83%
CB Tarek Buchmann 60
80%
LW Arijon Ibrahimović 62
76%
RM Nestory Irankunda 68
74%
Nie znaleziono quizów pasujących do podanych kryteriów
Rozkład punktacji
Procent ludzi z każdym wynikiem
Percentyl według liczby udzielonych odpowiedzi
Twoja historia wyników
Nie rozwiązałeś tego quizu